000 00433nab a2200145Ia 4500
003 ES-SlBCS
005 20210601130448.0
008 140529s1958 xxu||||| |||| 00| 0 fre d
041 _afre
100 1 _aForest, Aimé
_956942
245 0 0 _aPascal et Saint Bernard
_c Aimé Forest
600 1 _aPascal, Blaise-Bernardo, San
_9173279
773 0 _tGiornali di Metafisica
_gvol. 13, nº. 4, 1958, págs. 409-424
_w0017-0372
942 _cAR
999 _c547078
_d547078